Most Religious US States - Statistics

General Stats
  • This quiz has been taken 72 times
  • The average score is 8 of 10
Answer Stats
% Answer % Correct
88% Alabama
98%
82% Georgia
97%
86% Mississippi
97%
82% Texas
95%
82% Arkansas
90%
87% Louisiana
87%
82% Oklahoma
85%
82% West Virginia
85%
86% Tennessee
83%
82% New Jersey
25%
No matching quizzes found
Score Distribution
Percent of People with Each Score
Percentile by Number Answered
Your Score History
You have not taken this quiz